000 00782nam a22002537a 4500
001 sjds170142
003 sjds
005 20170714151201.0
008 170714b nyu||||| |||| 00| 0 eng d
020 _a9781538205662 (hard lb)
040 _csjds
041 _aspa
_aeng
082 _a551.5
100 1 _aJames, Trisha
245 1 0 _aConozco El Tiempo =
_bI Know the Weather /
_cby Trisha James ; traducido por Eida de la Vega.
260 _aNew York :
_bGareth Stevens Publishing,
_c2018.
300 _a23 pages :
_bcolor illustrations ;
_c19 cm
490 _aLo que conozco = What I know
500 _a"conceptos basicos"--Cover
650 0 _aWeather
_vJuvenile literature
650 0 _aClimatology
_vJuvenile literature
700 1 _aVega, Eida de la.
942 _2ddc
_cBK
999 _c18584
_d18584